000 00304nam a2200121Ia 4500
005 20260326235443.0
008 260326s9999||||xx |||||||||||||| ||und||
100 _aRossetto, Alain
245 0 _aPuente La Unidad /
_cAlain Rossetto
260 _bVSL Corporation
650 _aARQUITECTURA CIVIL
942 _cBK
999 _c7502
_d7502